| 000 | 00434 a2200169 4500 | ||
|---|---|---|---|
| 020 | _a9788176561068 | ||
| 082 | _a005.133 | ||
| 090 |
_c7024 _d7024 |
||
| 100 | _aKanetkar, Yashavant P | ||
| 245 |
_aLet us C++ _cYashavant P Kanetkar |
||
| 250 | _a2nd ed. | ||
| 260 |
_aNew Delhi _bBPB Publications _c2010 |
||
| 300 | _a633 p. | ||
| 650 | _aC++--Computer program language | ||
| 700 | _aYashavant P Kanetkar | ||
| 942 |
_cBK _k005.133 KAN |
||
| 999 |
_c10833 _d10833 |
||